Fr. Conceicao Rodrigues College of Engineering

Pneumatic controls (Record no. 28049)

MARC details
000 -LEADER
fixed length control field 00340nam a2200169Ia 4500
082 ## - DEWEY DECIMAL CLASSIFICATION NUMBER
Classification number 629.8
Item number JOJ
100 ## - MAIN ENTRY--PERSONAL NAME
Personal name Joji/P
245 ## - TITLE STATEMENT
Title Pneumatic controls
260 ## - PUBLICATION, DISTRIBUTION, ETC.
Name of publisher, distributor, etc. Wiley India
Date of publication, distribution, etc. 2008
366 ## - TRADE AVAILABILITY INFORMATION
Publishers's discount category 25
300 ## - PHYSICAL DESCRIPTION
Extent 288
546 ## - LANGUAGE NOTE
Language note ENGLISH
-- Info.Tech
650 ## - SUBJECT ADDED ENTRY--TOPICAL TERM
Topical term or geographic name entry element pneumatics
654 ## - SUBJECT ADDED ENTRY--FACETED TOPICAL TERMS
Focus term pneumatics
942 ## - ADDED ENTRY ELEMENTS (KOHA)
Koha item type BOOK
Holdings
Withdrawn status Lost status Damaged status Not for loan Collection Home library Current library Date acquired Source of acquisition Cost, normal purchase price Inventory number Total Checkouts Full call number Barcode Date last seen Cost, replacement price Price effective from Koha item type Date last checked out
        CRC Fr. Agnel's C.Rodrigues College of Engineering Fr. Agnel's C.Rodrigues College of Engineering 17/03/2023 Allied Publishers 284.25 821 dt 19/07/2013   629.8 JOJ 22906 17/03/2023 379.00   BOOK  
        CRC Fr. Agnel's C.Rodrigues College of Engineering Fr. Agnel's C.Rodrigues College of Engineering 17/03/2023 Allied Publishers 284.25 821 dt 19/07/2013   629.8 JOJ 22907 17/03/2023 379.00   BOOK  
        CRC Fr. Agnel's C.Rodrigues College of Engineering Fr. Agnel's C.Rodrigues College of Engineering 17/03/2023 Allied Publishers 284.25 821 dt 19/07/2013   629.8 JOJ 22908 17/03/2023 379.00   BOOK  
        CRC Fr. Agnel's C.Rodrigues College of Engineering Fr. Agnel's C.Rodrigues College of Engineering 17/03/2023 Allied Publishers 284.25 821 dt 19/07/2013   629.8 JOJ 22909 17/03/2023 379.00   BOOK  
        CRC Fr. Agnel's C.Rodrigues College of Engineering Fr. Agnel's C.Rodrigues- College of Engineering 17/03/2023 Allied Publishers 284.25 821 dt 19/07/2013 1 629.8 JOJ 22910 14/06/2023 379.00   BOOK 12/06/2023